000 00276nam a2200097Ia 4500
001 681321
005 20250826161357.0
008 250824s9999 xx 000 0 und d
245 0 _aAKLINDAN DÜŞÜNCELER GEÇEN ÇOCUK
_cCHRİSTİNE NÖSTLİNGER
260 _bGÜNIŞIĞI YAYINLARI
999 _c681321
_d681321